[Event "Mittelrhein Verbandsliga Sued 1920"]
[Site "Mittelrhein"]
[Date "2020.02.16"]
[Round "6.2"]
[White "Hanrahan, William"]
[Black "Quinones Maletti, Julio Guillermo"]
[Result "1-0"]
[WhiteElo "1994"]
[BlackElo "2009"]
[PlyCount "55"]
[EventDate "2019.09.29"]
[EventType "team-tourn"]
[EventRounds "9"]
[EventCountry "GER"]
[SourceTitle "EXT 2023"]
[Source "ChessBase"]
[SourceDate "2022.10.05"]
[SourceVersion "1"]
[SourceVersionDate "2022.10.05"]
[SourceQuality "1"]
[WhiteTeam "Bruehl III"]
[BlackTeam "Koeln Porz IV"]
[WhiteTeamCountry "GER"]
[BlackTeamCountry "GER"]

1. e4 c5 2. Nf3 d6 3. Bb5+ Bd7 4. a4 Nf6 5. d3 e6 6. 0-0 Nc6 7. Bf4 Be7 8. Re1 0-0 9. Nbd2 a6 10. Bc4 h6 11. Nf1 e5 12. Bd2 Re8 13. Ng3 Bf8 14. Nh4 Nd4 15. c3 Ne6 16. Nhf5 Nf4 17. Qb3 d5 18. exd5 b5 19. axb5 axb5 20. Rxa8 Qxa8 21. Bxb5 Rb8 22. c4 N6xd5 23. f3 g6 24. Ne3 Nc7 25. Ne4 Kg7 26. Qc3 Nxb5 27. Qxe5+ Kh7 28. Nf6+ 1-0

[Event "Mittelrhein Verbandsliga Sued 1920"]
[Site "Mittelrhein"]
[Date "2019.11.17"]
[Round "3.2"]
[White "Vossenkuhl, Joachim"]
[Black "Hanrahan, William"]
[Result "1-0"]
[WhiteElo "1978"]
[BlackElo "1999"]
[PlyCount "93"]
[EventDate "2019.09.29"]
[EventType "team-tourn"]
[EventRounds "9"]
[EventCountry "GER"]
[SourceTitle "EXT 2023"]
[Source "ChessBase"]
[SourceDate "2022.10.05"]
[SourceVersion "1"]
[SourceVersionDate "2022.10.05"]
[SourceQuality "1"]
[WhiteTeam "Hennef"]
[BlackTeam "Bruehl III"]
[WhiteTeamCountry "GER"]
[BlackTeamCountry "GER"]

1. e4 d6 2. d4 Nf6 3. Nc3 g6 4. Be3 c6 5. h3 Qa5 6. Qd2 Nbd7 7. f4 c5 8. Nf3 Bg7 9. g4 cxd4 10. Nxd4 0-0 11. Be2 Nc5 12. a3 Ne6 13. Nb3 Qd8 14. 0-0-0 Bd7 15. h4 Nc7 16. Rdg1 Bc6 17. Bf3 d5 18. Nd4 dxe4 19. Nxc6 bxc6 20. Qxd8 Rfxd8 21. Nxe4 Nfd5 22. Bd2 Rab8 23. b3 Ne6 24. f5 Nd4 25. Bd1 gxf5 26. gxf5 Nxf5 27. h5 h6 28. Rh3 Kh7 29. c4 Bd4 30. Rf1 Nde3 31. Rff3 Bb2+ 32. Kxb2 Nxc4+ 33. Kc1 Nxd2 34. Nxd2 Nd6 35. Bc2+ Kh8 36. Ne4 Nb5 37. Rxf7 Nd4 38. Rxe7 Re8 39. Rxa7 Re6 40. Nc5 Re1+ 41. Kb2 Rg1 42. Rh7+ Kg8 43. Rxh6 Kf7 44. Rg6 Rf1 45. Rd6 Rf4 46. Rd7+ Kf6 47. h6 1-0

[Event "Mittelrhein Verbandsliga-S 18/19"]
[Site "Nordrheinwestfalen"]
[Date "2019.04.07"]
[Round "9.3"]
[White "Hanrahan, William"]
[Black "Evers, Leo"]
[Result "0-1"]
[WhiteElo "2022"]
[BlackElo "1997"]
[PlyCount "34"]
[EventDate "2018.09.02"]
[EventType "team-tourn"]
[EventRounds "11"]
[EventCountry "GER"]
[SourceTitle "EXT 2022"]
[Source "ChessBase"]
[SourceDate "2021.10.06"]
[SourceVersion "1"]
[SourceVersionDate "2021.10.06"]
[SourceQuality "1"]
[WhiteTeam "Bruehl II"]
[BlackTeam "Porz SG IV"]
[WhiteTeamCountry "GER"]
[BlackTeamCountry "GER"]

1. e4 c5 2. Nf3 Nc6 3. Bb5 Nf6 4. d3 Qa5+ 5. Nc3 Nd4 6. Bc4 b5 7. e5 bxc4 8. exf6 Bb7 9. fxe7 Bxe7 10. dxc4 0-0 11. Bd2 Qa6 12. Nxd4 cxd4 13. Nb5 Qg6 14. Rg1 Bc5 15. Kf1 Be4 16. Rc1 Rae8 17. h3 Bd3+ 0-1

[Event "Mittelrhein Verbandsliga-S 18/19"]
[Site "Nordrheinwestfalen"]
[Date "2018.10.28"]
[Round "3.3"]
[White "Schott, Guido"]
[Black "Hanrahan, William"]
[Result "1-0"]
[WhiteElo "2032"]
[BlackElo "2007"]
[PlyCount "47"]
[EventDate "2018.09.02"]
[EventType "team-tourn"]
[EventRounds "11"]
[EventCountry "GER"]
[SourceTitle "EXT 2022"]
[Source "ChessBase"]
[SourceDate "2021.10.06"]
[SourceVersion "1"]
[SourceVersionDate "2021.10.06"]
[SourceQuality "1"]
[WhiteTeam "Hennef"]
[BlackTeam "Bruehl II"]
[WhiteTeamCountry "GER"]
[BlackTeamCountry "GER"]

1. Nf3 Nf6 2. b3 g6 3. Bb2 Bg7 4. g3 0-0 5. Bg2 c6 6. 0-0 d5 7. d3 Bg4 8. Nbd2 Qc8 9. Re1 Bh3 10. Bh1 Re8 11. c4 dxc4 12. Nxc4 Nbd7 13. Qd2 Nb6 14. Nce5 Ng4 15. Nxf7 Kxf7 16. Ng5+ Kg8 17. Bxg7 Nxf2 18. Bd4 Nxh1 19. Kxh1 e5 20. Bb2 Bf5 21. Rf1 Qc7 22. e4 Be6 23. Rf6 Qd6 24. Nxh7 1-0

[Event "NRW Class1 1718"]
[Site "Germany"]
[Date "2018.04.08"]
[Round "8.8"]
[White "Hanrahan, William"]
[Black "Karsunke, Marvin"]
[Result "0-1"]
[WhiteElo "1995"]
[BlackElo "1839"]
[PlyCount "100"]
[EventDate "2017.09.17"]
[EventType "team-tourn"]
[EventRounds "9"]
[EventCountry "GER"]
[SourceTitle "EXT 2019"]
[Source "ChessBase"]
[SourceDate "2018.10.10"]
[SourceVersion "1"]
[SourceVersionDate "2018.10.10"]
[SourceQuality "1"]
[WhiteTeam "Bruehl"]
[BlackTeam "Lieme"]
[WhiteTeamCountry "GER"]
[BlackTeamCountry "GER"]

1. e4 e6 2. d4 d5 3. Nc3 Bb4 4. a3 Bxc3+ 5. bxc3 Ne7 6. exd5 exd5 7. Bd3 Bf5 8. Bxf5 Nxf5 9. Qg4 g6 10. Bg5 Qd6 11. Ne2 Nd7 12. a4 Nf6 13. Qf3 Ne4 14. Bc1 Qc6 15. Qd3 0-0-0 16. Ra3 Ned6 17. 0-0 Nc4 18. Rb3 Qxa4 19. Rb4 Qc6 20. Bf4 a5 21. Rb3 h5 22. Rfb1 b6 23. Bg5 Rd7 24. h3 Nfd6 25. Bc1 Re8 26. Nf4 Re1+ 27. Kh2 Rde7 28. Qf3 R1e4 29. Nd3 Re2 30. Nf4 R2e4 31. Nd3 Nf5 32. Bg5 Re8 33. Bc1 Nfd6 34. Bf4 R4e7 35. Bg5 Re2 36. Bc1 Rxc2 37. Nf4 Ne4 38. Rb5 Nxc3 39. Nxd5 Nxd5 40. Rxd5 Nd6 41. Bf4 Rxf2 42. Qxf2 Qxd5 43. Rc1 Re7 44. Qb2 Kb7 45. Rc5 Qe6 46. d5 Qe4 47. Bxd6 cxd6 48. Rc6 Qe5+ 49. Qxe5 dxe5 50. d6 Kxc6 0-1

[Event "Mittelrhein Verbandsliga-S 17/18"]
[Site "Nordrheinwestfalen"]
[Date "2018.02.04"]
[Round "7.4"]
[White "Luett, Michael"]
[Black "Hanrahan, William"]
[Result "1-0"]
[WhiteElo "1899"]
[BlackElo "1995"]
[PlyCount "85"]
[EventDate "2017.09.10"]
[EventType "team-tourn"]
[EventRounds "11"]
[EventCountry "GER"]
[SourceTitle "EXT 2022"]
[Source "ChessBase"]
[SourceDate "2021.10.06"]
[SourceVersion "1"]
[SourceVersionDate "2021.10.06"]
[SourceQuality "1"]
[WhiteTeam "Troisdorf"]
[BlackTeam "Bruehl II"]
[WhiteTeamCountry "GER"]
[BlackTeamCountry "GER"]

1. Nf3 Nf6 2. c4 g6 3. b4 Bg7 4. Bb2 c6 5. g3 Qb6 6. Qb3 a5 7. bxa5 Qxa5 8. Bg2 0-0 9. 0-0 d6 10. Nc3 Na6 11. d4 Be6 12. Nd2 b5 13. Bxc6 bxc4 14. Nxc4 Bxc4 15. Qxc4 Rfc8 16. Qb5 Qxb5 17. Bxb5 Nb4 18. a4 Nc2 19. Rad1 Ne8 20. Nd5 Ra7 21. Rd2 Nf6 22. Nxf6+ Bxf6 23. Rc1 Rac7 24. Ba6 Ra8 25. Bd3 Rxa4 26. Rcxc2 Rb7 27. d5 Kg7 28. f4 Bd4+ 29. Kg2 Kf6 30. Bxd4+ Rxd4 31. Ba6 Rbb4 32. Rxd4 Rxd4 33. Bb7 Rb4 34. Bc6 Rb1 35. e4 Rb3 36. Re2 Rc3 37. e5+ dxe5 38. fxe5+ Kg7 39. Rd2 Rb3 40. d6 exd6 41. exd6 Rb8 42. d7 Rd8 43. Re2 1-0

[Event "Mittelrhein Verbandsliga-S 17/18"]
[Site "Nordrheinwestfalen"]
[Date "2018.01.14"]
[Round "6.4"]
[White "Hanrahan, William"]
[Black "Glaser, Steffen"]
[Result "1-0"]
[WhiteElo "1995"]
[BlackElo "1940"]
[PlyCount "93"]
[EventDate "2017.09.10"]
[EventType "team-tourn"]
[EventRounds "11"]
[EventCountry "GER"]
[SourceTitle "EXT 2022"]
[Source "ChessBase"]
[SourceDate "2021.10.06"]
[SourceVersion "1"]
[SourceVersionDate "2021.10.06"]
[SourceQuality "1"]
[WhiteTeam "Bruehl II"]
[BlackTeam "Koeln Lasker II"]
[WhiteTeamCountry "GER"]
[BlackTeamCountry "GER"]

1. e4 e5 2. Nf3 Nc6 3. Bb5 Nf6 4. Qe2 Bc5 5. 0-0 0-0 6. c3 Re8 7. d3 a6 8. Ba4 b5 9. Bb3 h6 10. a4 b4 11. Nbd2 Rb8 12. d4 exd4 13. Qc4 bxc3 14. bxc3 dxc3 15. Qxc3 Qe7 16. Bb2 Bb4 17. Qc2 Qc5 18. Qd3 Bxd2 19. Nxd2 Ne5 20. Qg3 Nh5 21. Qh3 Nf4 22. Qe3 Qxe3 23. fxe3 Nfd3 24. Bc3 d6 25. Ba5 Rb7 26. Rab1 Bd7 27. Bxf7+ Nxf7 28. Rxb7 Bxa4 29. Rxc7 Nfe5 30. Nf3 Nd7 31. Ra1 N3c5 32. Rxa4 Nxa4 33. Rxd7 Rxe4 34. Kf2 Nc5 35. Rxd6 Ra4 36. Rd8+ Kf7 37. Bb6 Ne4+ 38. Ke2 g6 39. Rd4 Ra2+ 40. Nd2 Nc3+ 41. Kf3 Ke6 42. Ne4 Nb5 43. Nc5+ Ke5 44. Nd3+ Kf6 45. Rd7 Ke6 46. Rh7 h5 47. Nf4+ 1-0

[Event "Mittelrhein Regionalliga 1415"]
[Site "Mittelrhein"]
[Date "2015.01.11"]
[Round "5.7"]
[White "Krings, Thomas"]
[Black "Hanrahan, William"]
[Result "0-1"]
[WhiteElo "1930"]
[BlackElo "1950"]
[PlyCount "62"]
[EventDate "2014.09.28"]
[EventType "team-tourn"]
[EventRounds "9"]
[EventCountry "GER"]
[SourceTitle "EXT 2023"]
[Source "ChessBase"]
[SourceDate "2022.10.05"]
[SourceVersion "1"]
[SourceVersionDate "2022.10.05"]
[SourceQuality "1"]
[WhiteTeam "Horrem"]
[BlackTeam "Bruehl"]
[WhiteTeamCountry "GER"]
[BlackTeamCountry "GER"]

1. d4 Nf6 2. Bg5 g6 3. Bxf6 exf6 4. e3 Bg7 5. g3 Qe7 6. Bg2 Qb4+ 7. Nd2 Qxb2 8. Ne2 0-0 9. 0-0 c6 10. Nb3 Qa3 11. c4 Qe7 12. d5 d6 13. dxc6 bxc6 14. Na5 Qc7 15. Qd2 Be6 16. Nd4 f5 17. Nxe6 fxe6 18. Rab1 Rf7 19. Rb7 Qd8 20. Rxf7 Kxf7 21. Rb1 Bf8 22. Rb7+ Kg8 23. e4 Qf6 24. exf5 Qxf5 25. h4 Na6 26. Nxc6 Nc5 27. Ne7+ Bxe7 28. Rxe7 Rf8 29. Rxa7 Nd3 30. Qh6 Qxf2+ 31. Kh2 Qxa7 0-1

[Event "Mittelrhein Regionalliga 1415"]
[Site "Mittelrhein"]
[Date "2014.11.09"]
[Round "3.8"]
[White "Hanrahan, William"]
[Black "Bekritski, Evgeni"]
[Result "1-0"]
[WhiteElo "1950"]
[BlackElo "1938"]
[PlyCount "85"]
[EventDate "2014.09.28"]
[EventType "team-tourn"]
[EventRounds "9"]
[EventCountry "GER"]
[SourceTitle "EXT 2023"]
[Source "ChessBase"]
[SourceDate "2022.10.05"]
[SourceVersion "1"]
[SourceVersionDate "2022.10.05"]
[SourceQuality "1"]
[WhiteTeam "Bruehl"]
[BlackTeam "Koeln Ford SF"]
[WhiteTeamCountry "GER"]
[BlackTeamCountry "GER"]

1. e4 c5 2. Nf3 d6 3. Bb5+ Bd7 4. a4 a6 5. Bc4 e6 6. 0-0 Nc6 7. d3 b6 8. c3 Nf6 9. Qe2 Be7 10. Bb3 0-0 11. Na3 e5 12. Nc4 Qc7 13. Bg5 Be6 14. Nfd2 Na5 15. Nxa5 bxa5 16. Bxf6 Bxf6 17. Bc4 Rfb8 18. Bxe6 fxe6 19. Qg4 Qd7 20. Nc4 d5 21. exd5 Qxd5 22. Rad1 Ra7 23. Rd2 Rab7 24. Re1 Kf7 25. Qh5+ Kg8 26. Nxa5 g6 27. Qe2 Rd7 28. Nc4 Rbd8 29. Nb6 Qb3 30. Nxd7 Rxd7 31. Qg4 Kf7 32. h3 h5 33. Qe4 Rd6 34. Re3 Qd5 35. b4 Kg7 36. bxc5 Qxc5 37. Rg3 g5 38. Qb7+ Kg6 39. Rb2 Qd5 40. Qc8 Rd8 41. Qxa6 h4 42. Re3 g4 43. hxg4 1-0

[Event "Mittelrhein-chT 1112"]
[Site "Germany"]
[Date "2012.05.20"]
[Round "13.6"]
[White "Hanrahan, William"]
[Black "Papaioannou, Dimitrios"]
[Result "1/2-1/2"]
[WhiteElo "2005"]
[BlackElo "2073"]
[PlyCount "92"]
[EventDate "2011.09.11"]
[EventType "team-tourn"]
[EventRounds "13"]
[EventCountry "GER"]
[SourceTitle "EXT 2013"]
[Source "ChessBase"]
[SourceDate "2012.11.22"]
[SourceVersion "1"]
[SourceVersionDate "2012.11.22"]
[SourceQuality "1"]
[WhiteTeam "Bruehl"]
[BlackTeam "Koeln Muelheim"]
[WhiteTeamCountry "GER"]
[BlackTeamCountry "GER"]

1. e4 c6 2. Nc3 d5 3. Qf3 dxe4 4. Nxe4 Nd7 5. d4 Ngf6 6. Nxf6+ Nxf6 7. c3 Qd5 8. Qg3 Bf5 9. Nf3 e6 10. Be2 Be7 11. Qc7 Qd7 12. Qxd7+ Nxd7 13. 0-0 0-0 14. Re1 Rfd8 15. Bc4 c5 16. Bb3 Nb6 17. dxc5 Bxc5 18. Bg5 Re8 19. Rad1 h6 20. Bf4 Bg4 21. a4 a5 22. Bd6 Bxf3 23. gxf3 Nd7 24. Bc7 Nf6 25. Rd3 Rec8 26. Be5 Rd8 27. Red1 Bb6 28. Bxf6 gxf6 29. Rd7 Rab8 30. f4 f5 31. Bc4 Kf8 32. Kg2 Rbc8 33. Be2 Rxd7 34. Rxd7 Rc7 35. Rd8+ Kg7 36. Rb8 Bc5 37. Bf3 b6 38. Rd8 Be7 39. Rb8 Bc5 40. Rb7 Rxb7 41. Bxb7 Kf6 42. Ba6 Ke7 43. Kf3 Kd6 44. Bb5 Ke7 45. Bc6 Kd6 46. Bb5 Ke7 1/2-1/2

[Event "Mittelrhein-chT 1112"]
[Site "Germany"]
[Date "2012.02.26"]
[Round "9.7"]
[White "Guefen, Daniel"]
[Black "Hanrahan, William"]
[Result "1-0"]
[WhiteElo "1923"]
[BlackElo "2005"]
[PlyCount "79"]
[EventDate "2011.09.11"]
[EventType "team-tourn"]
[EventRounds "13"]
[EventCountry "GER"]
[SourceTitle "EXT 2013"]
[Source "ChessBase"]
[SourceDate "2012.11.22"]
[SourceVersion "1"]
[SourceVersionDate "2012.11.22"]
[SourceQuality "1"]
[WhiteTeam "Gruenfeld"]
[BlackTeam "Bruehl"]
[WhiteTeamCountry "GER"]
[BlackTeamCountry "GER"]

1. e4 d6 2. d4 Nf6 3. Nc3 g6 4. f3 Bg7 5. Be3 c6 6. Qd2 b5 7. g4 h5 8. gxh5 Nxh5 9. Qf2 Nd7 10. 0-0-0 Qa5 11. Kb1 Nb6 12. Nce2 Nc4 13. Bc1 Be6 14. c3 Nxb2 15. Bxb2 Qxa2+ 16. Kc1 Bh6+ 17. f4 Bc4 18. Nf3 e5 19. dxe5 Nxf4 20. Nxf4 Bxf4+ 21. Nd2 dxe5 22. Qc5 Rd8 23. Qxc6+ Ke7 24. Bxc4 bxc4 25. Qc5+ Kf6 26. Qa3 Qb3 27. Rhf1 Qb6 28. Qb4 Qe3 29. Qxc4 Rxd2 30. Rxf4+ Qxf4 31. Rxd2 Rxh2 32. Qd3 g5 33. c4 g4 34. Qd6+ Kg5 35. Qe7+ f6 36. Qg7+ Kh4 37. Qh8+ Kg3 38. Qxh2+ Kf3 39. Qg2+ Ke3 40. Qe2# 1-0

[Event "Mittelrhein-chT 1112"]
[Site "Germany"]
[Date "2012.01.15"]
[Round "7.8"]
[White "Schmitz, Juergen"]
[Black "Hanrahan, William"]
[Result "0-1"]
[WhiteElo "1909"]
[BlackElo "2005"]
[PlyCount "116"]
[EventDate "2011.09.11"]
[EventType "team-tourn"]
[EventRounds "13"]
[EventCountry "GER"]
[SourceTitle "EXT 2013"]
[Source "ChessBase"]
[SourceDate "2012.11.22"]
[SourceVersion "1"]
[SourceVersionDate "2012.11.22"]
[SourceQuality "1"]
[WhiteTeam "Wuerselen"]
[BlackTeam "Bruehl"]
[WhiteTeamCountry "GER"]
[BlackTeamCountry "GER"]

1. e4 d6 2. d4 Nf6 3. Nc3 g6 4. Be2 Bg7 5. Be3 c6 6. Qd2 b5 7. a3 Nbd7 8. Bh6 Bxh6 9. Qxh6 Qb6 10. Nf3 b4 11. axb4 Qxb4 12. 0-0 Qxb2 13. Qd2 Qb6 14. Rfb1 Qc7 15. Qh6 Rb8 16. Ng5 Rxb1+ 17. Rxb1 Qa5 18. Nd1 Qe1+ 19. Bf1 Nxe4 20. Nxe4 Qxe4 21. Qg7 Rf8 22. Ne3 d5 23. Bd3 Qf4 24. g3 Qd6 25. Ra1 Qb8 26. Re1 Qb4 27. Ra1 a5 28. c4 Qc3 29. Rd1 Ba6 30. Qh6 Bxc4 31. Nxc4 dxc4 32. Be4 Qb3 33. Rb1 Qa4 34. Qf4 f6 35. Qc7 c3 36. Bxc6 Qxd4 37. Bxd7+ Kf7 38. Bb5 Qe4 39. Rc1 Qb4 40. Bc4+ Kg7 41. Be6 Rb8 42. h4 Rb7 43. Qd8 Rb8 44. Qd7 Rb7 45. Qe8 Rb8 46. Qf7+ Kh6 47. h5 c2 48. hxg6 hxg6 49. Rxc2 Qb1+ 50. Kg2 Qxc2 51. Qxe7 Qe4+ 52. Kh2 Qe5 53. Kh3 a4 54. Qf7 Qb2 55. f3 Qe5 56. g4 Rb2 57. Qf8+ Kg5 58. f4+ Kxf4 0-1

[Event "Regionalliga Mittelrhein 1011"]
[Site "Germany"]
[Date "2011.04.10"]
[Round "8.7"]
[White "Hanrahan, William"]
[Black "Nagel, Wilhelm"]
[Result "1-0"]
[WhiteElo "1987"]
[BlackElo "1451"]
[PlyCount "27"]
[EventDate "2010.10.24"]
[EventType "team"]
[EventRounds "9"]
[EventCountry "GER"]
[SourceTitle "EXT 2015"]
[Source "ChessBase"]
[SourceDate "2014.11.20"]
[SourceVersion "1"]
[SourceVersionDate "2014.11.20"]
[SourceQuality "1"]
[WhiteTeam "Bruehl"]
[BlackTeam "Aachen PTSV"]
[WhiteTeamCountry "GER"]
[BlackTeamCountry "GER"]

1. e4 c6 2. Nc3 d5 3. Qf3 d4 4. Bc4 e6 5. Nce2 Nf6 6. e5 Ng8 7. Qe4 Bc5 8. Nf3 Ne7 9. Nexd4 Qb6 10. 0-0 Ng6 11. Ne2 0-0 12. h4 h5 13. Ng3 Ne7 14. d4 1-0

[Event "Regionalliga Mittelrhein 1011"]
[Site "Germany"]
[Date "2011.02.06"]
[Round "5.8"]
[White "Hanrahan, William"]
[Black "Koch, Matthias"]
[Result "0-1"]
[WhiteElo "1987"]
[BlackElo "1862"]
[PlyCount "58"]
[EventDate "2010.10.24"]
[EventType "team"]
[EventRounds "9"]
[EventCountry "GER"]
[SourceTitle "EXT 2015"]
[Source "ChessBase"]
[SourceDate "2014.11.20"]
[SourceVersion "1"]
[SourceVersionDate "2014.11.20"]
[SourceQuality "1"]
[WhiteTeam "Bruehl"]
[BlackTeam "Bonn Beuel"]
[WhiteTeamCountry "GER"]
[BlackTeamCountry "GER"]

1. e4 e5 2. Nf3 Nc6 3. Bb5 a6 4. Ba4 d6 5. 0-0 Bg4 6. c3 Qf6 7. d3 Bxf3 8. gxf3 Nge7 9. Kh1 Ng6 10. Rg1 Nf4 11. Bxc6+ bxc6 12. Bxf4 Qxf4 13. Nd2 g6 14. Rg4 Qf6 15. Qa4 Kd7 16. d4 Rb8 17. dxe5 Qxe5 18. Rd1 h5 19. Rg3 h4 20. Rg4 Bh6 21. Nb3 Bf4 22. Rd5 Qf6 23. Nc5+ Ke7 24. Qxc6 Rxb2 25. Qxc7+ Ke8 26. Qc8+ Qd8 27. Qxd8+ Kxd8 28. Rxf4 Rb1+ 29. Kg2 h3+ 0-1

[Event "Regionalliga Mittelrhein 1011"]
[Site "Germany"]
[Date "2011.01.16"]
[Round "4.6"]
[White "Steinwachs, Christian"]
[Black "Hanrahan, William"]
[Result "0-1"]
[WhiteElo "1966"]
[BlackElo "1987"]
[PlyCount "74"]
[EventDate "2010.10.24"]
[EventType "team"]
[EventRounds "9"]
[EventCountry "GER"]
[SourceTitle "EXT 2015"]
[Source "ChessBase"]
[SourceDate "2014.11.20"]
[SourceVersion "1"]
[SourceVersionDate "2014.11.20"]
[SourceQuality "1"]
[WhiteTeam "Gruenfeld"]
[BlackTeam "Bruehl"]
[WhiteTeamCountry "GER"]
[BlackTeamCountry "GER"]

1. e4 d6 2. d4 Nf6 3. Nc3 g6 4. f4 Bg7 5. Nf3 Na6 6. Bc4 c6 7. e5 Nd7 8. Ng5 0-0 9. e6 Nf6 10. exf7+ Kh8 11. Be6 Nc7 12. Bxc8 Qxc8 13. h4 h6 14. h5 gxh5 15. Rxh5 Nxh5 16. Qxh5 Ne6 17. Nce4 Nxg5 18. Nxg5 Qf5 19. g4 Qf6 20. Bd2 d5 21. 0-0-0 Qxd4 22. Bc3 Qxf4+ 23. Bd2 Qf6 24. c3 Rad8 25. Re1 Rd6 26. Qh3 e5 27. Rf1 Qg6 28. Rf5 c5 29. Nf3 Rxf7 30. Nxe5 Bxe5 31. Rxe5 Rdf6 32. Re1 Re6 33. Rh1 Rf2 34. Qg3 Qe4 35. Qb8+ Re8 36. Rxh6+ Kg7 37. Qc7+ Re7 0-1

[Event "NRW Class2 0607"]
[Site "Germany"]
[Date "2007.04.15"]
[Round "8.8"]
[White "Hanrahan, William"]
[Black "Molinaroli, Martin"]
[Result "1-0"]
[WhiteElo "2018"]
[BlackElo "2237"]
[PlyCount "85"]
[EventDate "2006.09.17"]
[EventType "team-tourn"]
[EventRounds "9"]
[EventCountry "GER"]
[SourceTitle "EXT 2008"]
[Source "ChessBase"]
[SourceDate "2007.11.25"]
[SourceVersion "1"]
[SourceVersionDate "2007.11.25"]
[SourceQuality "1"]
[WhiteTeam "Koeln Brueck"]
[BlackTeam "Muenster II"]
[WhiteTeamCountry "GER"]
[BlackTeamCountry "GER"]

1. e4 g6 2. d4 c5 3. Nf3 Bg7 4. Nc3 cxd4 5. Nxd4 Nc6 6. Nxc6 bxc6 7. Bc4 Qc7 8. Qf3 Nf6 9. Bf4 d6 10. 0-0 0-0 11. Rfe1 Nd7 12. Qg3 Ne5 13. Bb3 Ba6 14. h4 e6 15. Rad1 c5 16. a3 Rab8 17. Bc1 Rfd8 18. h5 Bc4 19. Ba4 a6 20. f4 Nc6 21. Bxc6 Qxc6 22. b3 Bxb3 23. cxb3 Rxb3 24. Rd3 c4 25. Rf3 Qc5+ 26. Be3 Qxh5 27. Ne2 Qa5 28. Rd1 Qxa3 29. f5 Rd3 30. Rdf1 Qb2 31. fxe6 fxe6 32. Qg4 Qe5 33. Qh4 Re8 34. Qf2 Qxe4 35. Ng3 Qg4 36. Rf7 Rxe3 37. Rxg7+ Kxg7 38. Qxe3 Re7 39. Qf2 Re8 40. Qf7+ Kh6 41. Qxe8 Qxg3 42. Qxe6 c3 43. Rf3 1-0